000 00462nam a22001457a 4500
003 OSt
008 260522b |||||||| |||| 00| 0 eng d
020 _a9789383692880
082 _a631.49941
_bM82S
245 _aSoil guide: a handbook for understanding and managing agricultural soils
260 _aJodhpur :
_bUnited Book Prints,
_c2023.
650 _aSoils | Soil management | Western Australia | Crops and soils
700 _aMoore, Geoff
942 _2ddc
_cBK
999 _c50753
_d50753